|
|
|
|
| LEADER |
00000nas a2200000 4500 |
| 001 |
ssj0007838 |
| 003 |
WaSeSS |
| 005 |
20200512172242.0 |
| 006 |
m d |
| 007 |
cr n |
| 008 |
800422c19809999nyuen p s 0 a0eng d |
| 010 |
|
|
|a sn 80000849
|
| 022 |
|
|
|l 0198-8379
|y 0198-8379
|
| 032 |
|
|
|a 567350
|b USPS
|
| 035 |
|
|
|a (WaSeSS)ssj0007838
|
| 037 |
|
|
|b Scholastic Math, P.O. Box 644, Lyndhurst, NJ 07071-9985
|
| 040 |
|
|
|a NSD
|b eng
|c NSD
|d NST
|d UQ1
|d UAB
|d OCLCQ
|d CUS
|d OCLCF
|d OCLCQ
|d ZQP
|d OCLCO
|d WaSeSS
|
| 042 |
|
|
|a nsdp
|
| 050 |
1 |
4 |
|a QA135.5.
|
| 222 |
|
0 |
|a Scholastic math magazine
|
| 245 |
0 |
0 |
|a Scholastic math magazine
|h [electronic resource].
|
| 246 |
1 |
0 |
|a Math
|
| 246 |
1 |
7 |
|a Scholastic math
|
| 260 |
|
|
|a New York
|b [Scholastic Inc., etc.]
|
| 310 |
|
|
|a Biweekly (14 times during the school year)
|
| 362 |
0 |
|
|a v. 1- Sept. 19, 1980-
|
| 500 |
|
|
|a Accompanied by separately paged supplement called Teachers' edition.
|
| 506 |
|
|
|a License restrictions may limit access.
|
| 650 |
|
0 |
|a Mathematics
|x Study and teaching (Elementary)
|v Periodicals.
|
| 650 |
|
0 |
|a Mathematics
|v Periodicals.
|
| 650 |
|
7 |
|a Mathematics.
|2 fast
|0 (OCoLC)fst01012163
|
| 650 |
|
7 |
|a Mathematics
|x Study and teaching (Elementary)
|2 fast
|0 (OCoLC)fst01012272
|
| 650 |
|
7 |
|a Mathématique.
|2 rasuqam
|
| 650 |
|
7 |
|a Enseignement primaire.
|2 rasuqam
|
| 655 |
|
0 |
|a Electronic journals.
|
| 850 |
|
|
|a CaBVaU
|
| 856 |
4 |
0 |
|z Full text available from Research Library: 02/16/1998 to 05/04/2015
|u https://search.proquest.com/publication/8008
|